Quiz sur les communes de la Métropole Rouen Normandie - Statistiques

Statistiques générales
  • Ce quiz a été pris 164 fois
  • Le résultat moyen est 5 sur 15
Statistiques - réponses
Question Réponse % Correct
Quelle commune est la plus peuplée ? Elbeuf
58%
Quelle commune n'existe PAS ? Le Mesnil sur Seine
56%
Quelle commune n'est PAS desservie par le réseau TEOR ? Sotteville lès Rouen
45%
Dans quelle commune ne trouve-t'on pas d'autoroute ni de voie rapide ? Bonsecours
36%
Quelle commune est limitrophe de Rouen ? Saint Martin du Vivier
36%
Dans quelle commune ne trouve-t'on PAS de bac pour traverser la Seine ? Amfreville la Mi-Voie
32%
Dans quelle commune ne trouve-t'on pas d'(ancienne) abbaye ? Duclair
32%
Quelle commune est bien écrite ? Saint Pierre de Manneville
32%
Quelle commune ne borde PAS la Seine ? Petit Quevilly
29%
Quelle commune ne fait PAS partie de la métropole ? Quincampoix
29%
Quelle est la commune la MOINS peuplée ? Hautot sur Seine
24%
Quelle commune ne fait PAS partie de l'aire urbaine de Rouen ? Le Trait
23%
Quelle commune est la plus grande (superficie) ? Oissel
23%
Quelle commune est la plus petite (superficie) ? Bihorel
18%
Quelle commune se situe rive Gauche ? Anneville-Ambourville
15%
Aucun quiz correspondant
Distribution des résultats
% des personnes avec chaque résultat
Percentile par nombre de réponses
Votre historique - résultats
Vous n’avez pas pris ce quiz